<?xml version="1.0" encoding="UTF-8"?><?xml-stylesheet type="text/xsl" href="static/style.xsl"?><OAI-PMH xmlns="http://www.openarchives.org/OAI/2.0/" xmlns:xsi="http://www.w3.org/2001/XMLSchema-instance" xsi:schemaLocation="http://www.openarchives.org/OAI/2.0/ http://www.openarchives.org/OAI/2.0/OAI-PMH.xsd"><responseDate>2026-06-01T02:46:20Z</responseDate><request verb="GetRecord" identifier="oai:riuma.uma.es:10630/37111" metadataPrefix="marc">https://riuma.uma.es/rest/oai/request</request><GetRecord><record><header><identifier>oai:riuma.uma.es:10630/37111</identifier><datestamp>2026-02-03T11:37:54Z</datestamp><setSpec>com_10630_2254</setSpec><setSpec>col_10630_37956</setSpec></header><metadata><record xmlns="http://www.loc.gov/MARC21/slim" xmlns:dcterms="http://purl.org/dc/terms/" xmlns:doc="http://www.lyncode.com/xoai" xmlns:xsi="http://www.w3.org/2001/XMLSchema-instance" xsi:schemaLocation="http://www.loc.gov/MARC21/slim http://www.loc.gov/standards/marcxml/schema/MARC21slim.xsd">
   <leader>00925njm 22002777a 4500</leader>
   <datafield ind2=" " ind1=" " tag="042">
      <subfield code="a">dc</subfield>
   </datafield>
   <datafield ind2=" " ind1=" " tag="720">
      <subfield code="a">Cuartero-Naranjo, Antonio</subfield>
      <subfield code="e">author</subfield>
   </datafield>
   <datafield ind2=" " ind1=" " tag="260">
      <subfield code="c">2021</subfield>
   </datafield>
   <datafield ind2=" " ind1=" " tag="520">
      <subfield code="a">Esta investigación analiza la peligrosa relación que establece el periodista norteameri-&#xd;
cano Gay Talese con sus fuentes a través del análisis de su última obra, El Motel del&#xd;
voyeur. En ella se detectan varios aspectos de interés para poder entender en profundi-&#xd;
dad una de las características más comunes del periodismo narrativo: la estrecha rela-&#xd;
ción que se establece con las fuentes. A través del relato de Talese podemos detectar la&#xd;
violación de ciertas cuestiones éticas en el plano periodístico y la ruptura del pacto de&#xd;
lectura con el lector. Además, El Motel del Voyeur ofrece un marco referencial dentro&#xd;
del periodismo narrativo para abordar los peligros y límites a los que se enfrenta esta&#xd;
disciplina, hasta ahora poco tratados, y al mismo tiempo plantean preguntas sobre la&#xd;
taxonomía de este tipo de obras que incluyen aspectos reconstruidos de la realidad.</subfield>
   </datafield>
   <datafield ind1="8" ind2=" " tag="024">
      <subfield code="a">Cuartero-Naranjo, Antonio (2021). "NARANJO, Antonio Cuartero. Los riesgos del periodismo narrativo: Un análisis sobre las relaciones entre el periodista y su fuente en el Motel del voyeur de Gay Talese".Sánchez-Gey Valenzuela, N. y Cárdenas-Rica, M.L. (coords.) (2021). La comunicación a la vanguardia. Tendencias, métodos y perspectivas. Madrid: Fragua.</subfield>
   </datafield>
   <datafield ind1="8" ind2=" " tag="024">
      <subfield code="a">978-84-7074-899-8</subfield>
   </datafield>
   <datafield ind1="8" ind2=" " tag="024">
      <subfield code="a">https://hdl.handle.net/10630/37111</subfield>
   </datafield>
   <datafield tag="653" ind2=" " ind1=" ">
      <subfield code="a">Periodismo y literatura</subfield>
   </datafield>
   <datafield tag="653" ind2=" " ind1=" ">
      <subfield code="a">Redacción periodística</subfield>
   </datafield>
   <datafield tag="653" ind2=" " ind1=" ">
      <subfield code="a">Talese, Gay. 1932- - Crítica e interpretación</subfield>
   </datafield>
   <datafield ind2="0" ind1="0" tag="245">
      <subfield code="a">Los riesgos del periodismo narrativo: un análisis sobre las relaciones entre el periodista y su fuente en el Motel del voyeur de Gay Talese.</subfield>
   </datafield>
</record>
</metadata></record></GetRecord></OAI-PMH>